| 000 | 00450nam a22001697a 4500 | ||
|---|---|---|---|
| 999 |
_c6508 _d6508 |
||
| 003 | OSt | ||
| 005 | 20190117105753.0 | ||
| 008 | 190117b ||||| |||| 00| 0 eng d | ||
| 020 | _a0883680521 | ||
| 040 | _cDLC | ||
| 082 |
_a813 _bJ37S |
||
| 100 | _aJarman, Ray charles | ||
| 245 |
_aSunrise At Evening / _cBy Ray Charles Jarman with Russell Bixler. |
||
| 260 |
_aPennsylvania, USA : _bWhitaker House, _cc1975. |
||
| 300 | _a157 p.: | ||
| 942 |
_2ddc _cBK |
||